000 00920nam a2200265Ia 4500
003 OSt
005 20220927105601.0
006 a|||||r|||| 00| 0
007 ta
008 220926b |||||||| |||| 00| 0 eng d
020 _a9789211128123
024 _a190733
037 _cReference Collections
040 _aRTL
_cRTL
_beng
041 _2eng
_aeng
082 _a"X65.1, Q0/UN"
110 _aUNITED NATIONS CONFERENCE ON TRADE AND DEVELOPMENT
245 0 _aBest practices in investment for development
_b How post-conflict countries can attract and benefit from FDI- lessons from Croatia and Mozambique
260 _aNew
_bYork United Nations
_c2010
300 _a"xii, 125p"
_ccm.
490 _a"Investment Advisory Series, Series B, Number 3."
700 _aUNITED NATIONS CONFERENCE ON TRADE AND DEVELOPMENT
942 _h"X65.1, Q0/UN"
_cCC
999 _c693299
_d693299